How to Read a Financial Report Wringing Vital Signs out of the Numbers

Saved in:
Bibliographic Details
Main Author: Tracy, John A.
Other Authors: Tracy, Tage C.
Format: Book
Language:English
Published: Hoboken John Wiley & Sons. 2014
Edition:8th Edition
Subjects:
Tags: Add Tag
No Tags, Be the first to tag this record!

MARC

LEADER 00000nam a2200000 4500
001 0246880
005 20240313133004.3
020 |a 978-1-118-73584-8 
020 |a 978-1-118-73558-9 
020 |a 978-1-118-73592-3 
041 0 |a eng 
044 |a US 
245 1 0 |a How to Read a Financial Report  |b Wringing Vital Signs out of the Numbers  |c John A. Tracy and Tage C. Tracy 
250 |a 8th Edition 
264 1 |a Hoboken  |b John Wiley & Sons.  |c 2014 
300 |a 223 s. 
610 2 0 |a podnik 
610 2 0 |a podnikanie 
610 2 0 |a výkazníctvo finančné 
610 2 0 |a cash flow 
610 2 0 |a zisk 
610 2 0 |a náklady 
610 2 0 |a platby obchodné 
610 2 0 |a aktíva 
610 2 0 |a pasíva 
610 2 0 |a metódy účtovné 
610 2 0 |a audit 
100 1 |a Tracy, John A. 
700 1 |a Tracy, Tage C.